Panorama 2004 : resumen ilustrado de actualización, con los principales acontecimientos de 2003 /
Guardado en:
| Autor Principal: | |
|---|---|
| Formato: | Libro |
| Publicado: |
Barcelona :
Barsa Planeta,
2004
|
| Etiquetas: |
Agregar Etiqueta
Sin Etiquetas, Sea el primero en etiquetar este registro!
|
| LEADER | 00652nam a22001695a 4500 | ||
|---|---|---|---|
| 001 | CEM.cems012142 | ||
| 005 | 20060623142935.0 | ||
| 008 | 130507s2004##################000#0#####d | ||
| 003 | CEMS | ||
| 020 | |a 1564090663 | ||
| 082 | 0 | 4 | |a C030 |
| 100 | 1 | |a Díez Ortells, Juan Enrique, dir. | |
| 245 | 1 | 0 | |a Panorama 2004 : |b resumen ilustrado de actualización, con los principales acontecimientos de 2003 / |c Juan Enrique Díez Ortells |
| 260 | |a Barcelona : |b Barsa Planeta, |c 2004 | ||
| 300 | |a 416 p. | ||
| 500 | |a Resumen ilustrado de actualización, con los principales acontecimientos de 2003 | ||
| 859 | |a CEMS |b BIB. CEMS - 11 de abril |h C030 |i En16-3 |p 22963.04 |t Ej.1 |v 2004 |3 2004 | ||
